put your records on - corinne Bailey rae ♡ - Statistics

General Stats
  • This quiz has been taken 67 times
  • The average score is 197 of 270
Answer Stats
Answer % Correct
on
100%
Do
98%
I
98%
me
98%
so
98%
a
95%
put
95%
records
95%
you
95%
your
95%
girl
90%
Girl
90%
and
88%
go
88%
song
88%
tell
88%
the
88%
When
88%
birds
86%
don't
86%
Don't
86%
favorite
86%
get
86%
my
86%
to
86%
window
86%
let
83%
three
83%
down
81%
just
81%
Just
81%
little
81%
need
81%
sat
81%
ahead
79%
dreams
79%
they
79%
worry
79%
hair
76%
it
76%
told
76%
we
76%
but
74%
hope
74%
some
74%
faded
71%
it's
69%
jeans
69%
sweet
69%
more
67%
sapphire
67%
Sapphire
67%
sometimes
67%
same
64%
stay
64%
you're
64%
change
62%
concrete
62%
find
62%
like
62%
maybe
62%
summer
62%
all
60%
came
60%
cinnamon
60%
girls
60%
gonna
60%
got
60%
oh
60%
Oh
60%
seem
60%
somehow
60%
double
57%
somewhere
57%
things
57%
try
57%
yourself
57%
dutch
55%
right
55%
that
55%
think
55%
what
55%
hesitate
52%
wrong
52%
want
50%
strange?
48%
take
48%
any
45%
longer?
45%
love
45%
realize
45%
stronger
45%
those
45%
afro
43%
boys
43%
hairdo
43%
have
43%
in
43%
than
43%
was
43%
could
40%
fool
40%
for
40%
side
40%
thought
40%
afraid
38%
as
38%
blue
38%
even
38%
feel
38%
gotta
38%
lonely
38%
other
38%
road
38%
sake
38%
sky
38%
by
33%
pity
33%
pity's
33%
awake
31%
nights
31%
tea
31%
kept
29%
sipping
29%
bar
24%
sunburnt
19%
'Twas
5%
No matching quizzes found
Score Distribution
Percent of People with Each Score
Percentile by Number Answered
Your Score History
You have not taken this quiz